The hidden prejudice : mental disability on trial (Record no. 52502)

MARC details
000 -LEADER
fixed length control field 00739nam a2200229Ia 4500
008 - FIXED-LENGTH DATA ELEMENTS--GENERAL INFORMATION
fixed length control field 191130s2000##################000#0#eng##
020 ## - INTERNATIONAL STANDARD BOOK NUMBER
ISBN 9781557986160
082 ## - DEWEY DECIMAL CLASSIFICATION NUMBER
Classification number 345.7304 PER
100 ## - MAIN ENTRY--AUTHOR NAME
Personal name Perlin, Michael L
245 ## - TITLE STATEMENT
Title The hidden prejudice : mental disability on trial
Statement of responsibility, etc Michael L. Perlin
250 ## - EDITION STATEMENT
Edition statement 1st ed
260 ## - PUBLICATION, DISTRIBUTION, ETC. (IMPRINT)
Place of publication Washington, DC
Name of publisher American Psychological Association
Year of publication 2000
300 ## - PHYSICAL DESCRIPTION
Number of Pages xxv, 329 p. ; 27 cm. ; : alk. paper
500 ## - GENERAL NOTE
General note Includes bibliographical references and index
650 ## - SUBJECT ADDED ENTRY--TOPICAL TERM
Topical Term Insanity (Law) - United States
Topical Term Mental health laws - United States
991 ## -
-- 285572
Holdings
Withdrawn status Lost status Damaged status Not for loan Home library Current library Shelving location Date acquired Full call number Accession Number Price effective from Koha item type
        Anna Centenary Library Anna Centenary Library 4TH FLOOR, A WING 09.10.2020 345.7304 PER 418006 09.10.2020 English Books

Find us on the map